000
00302nam a22001337a 4500
008
180926b xxu||||| |||| 00| 0 eng d
020
_a
9780803613898
041
_a
eng
080
_2
7 ED
_a
610.-73
100
_a
2
101
_a
INF
245
_a
Nursing Carre Plans
_c
Murr.A.C
942
_2
udc
_c
BK
999
_c
48480
_d
48480